000 00335nam a2200157Ia 4500
005 20250423101553.0
008 250422s9999 xx 000 0 und d
020 _a0- 553- 10077- 7
050 _aPZ 4 .U76/
100 _aLeon Uris
245 0 _aTrinity
260 _bDoubleday
260 _c1976
300 _a815 p
942 _cBK
999 _c36660
_d36660